00373pab a2200145 454500008004000000100001800040245005600058260000900114300001700123362000800140650001300148700002100161700001600182773002900198180718b2012 xxu||||| |||| 00| 0 eng d aDuflo, Esther aIncentives work: Getting teachers to come to school c2012 ap.1241-1278. aJun aTeachers aRyan, Stephen P. aHanna, Rema aAmerican Economic Review